LEADER 01010cam0-22003251i-450- 001 990004650620403321 005 20040518093310.0 035 $a000465062 035 $aFED01000465062 035 $a(Aleph)000465062FED01 035 $a000465062 100 $a19990604d1938----km-y0itay50------ba 101 0 $aita 102 $aIT 105 $ay-------001yy 200 1 $aRubriche della polizia piemontese$e(1821-1848)$fa cura del R. Archivio di Stato di Torino 210 $aRoma$cVittoriano$d1938 215 $aXXIII, 229 p.$d25 cm 225 1 $aRegio Istituto per la Storia del Risorgimento Italiano. Biblioteca scientifica$hII serie$iFonti$v24 610 0 $aRisorgimento italiano$a1821-1848 676 $a364.13 801 0$aIT$bUNINA$gRICA$2UNIMARC 901 $aBK 912 $a990004650620403321 952 $aCONT.39(24)$bBibl.15216$fFLFBC 952 $aXXXII Ant. 183$b36326$fFSPBC 959 $aFLFBC 959 $aFSPBC 996 $aRubriche della polizia piemontese$9554115 997 $aUNINA